000 00831nam a2200265 i 4500
003 DO-SdBNP
005 20240314144956.0
007 ta
008 240314b2023 dr ||||| |||| 00| 0 spa d
020 _a9789945920826
040 _aDO-SdBNP
_bspa
_cBNPHU
_erda
082 4 _222
100 _aRama, Claudio,
_935101
_eautor
245 1 0 _aDisrupción digital. Universidad 4.0 e inteligencia artificial /
_cClaudio Rama
264 _aSanto Domingo :
_bUNICARIBE,
_c2023.
300 _a246 páginas ;
_c23 cm.
336 _2rdacontent
_atexto
_btxt
337 _2rdamedia
_asin mediación
_bn
338 _2rdacarrier
_avolumen
_bnc
500 _aIncluye datos biográficos del autor en la solapa de la cubierta
504 _aBibliografía : p. 241-246
590 _aInventariado, 2023/BT
910 _aBtavárez
942 _2ddc
_cLBS1
999 _c56111
_d56111